Information sources on the fertilizer industry /
Guardado en:
| Autor Corporativo: | |
|---|---|
| Formato: | Libro |
| Idioma: | English |
| Publicado: |
New York :
United Nations,
1976.
|
| Series: | UNIDO guides to information sources ;
no. 21. |
| Materias: | |
| Etiquetas: |
Agregar Etiqueta
Sin Etiquetas, Sea el primero en etiquetar este registro!
|
| LEADER | 01032cam a22002415a 4500 | ||
|---|---|---|---|
| 001 | EIQ.libpla001038 | ||
| 008 | 781006s1976####nyu######b####000#0#eng#d | ||
| 005 | 20060718171441.0 | ||
| 245 | 1 | 0 | |a Information sources on the fertilizer industry / |c United Nations Industrial Development Organization, Vienna. |
| 260 | |a New York : |b United Nations, |c 1976. | ||
| 300 | |a xii, 96 p. ; |c 21 cm. | ||
| 490 | 1 | |a UNIDO guides to information sources ; no. 21 | |
| 490 | 1 | |a [Document] - United Nations ; ID/164 (UNIDO/LIB/SER.D/21) | |
| 504 | |a Bibliografía: p. 94-96. | ||
| 830 | 0 | |a UNIDO guides to information sources ; |v no. 21. | |
| 810 | 2 | |a United Nations. |t Document ; |v ID/164 (UNIDO/LIB/SER.D/21). | |
| 082 | 0 | 0 | |a 300/.8 s |a 016.3384/7/66862 |
| 650 | 0 | |a Industria fertilizante |x Servicio de información. | |
| 650 | 0 | |a Fertilizer industry |x Information services. | |
| 010 | |a 78316255 | ||
| 040 | |a DLC |c DLC |d AR-BbSID | ||
| 110 | 2 | |a United Nations Industrial Development Organization, Vienna. | |
| 859 | |a AR-BbSID |b BIB. PLAPIQUI |h 607.34 |i N 113 |p 883 | ||
